[Event "Barcelona Sant Marti op-A 25th"]
[Site "Barcelona"]
[Date "2025.07.19"]
[Round "7"]
[White "Avyaay, Garg"]
[Black "Amit, Panchal"]
[Result "1/2-1/2"]
[WhiteElo "1892"]
[BlackElo "1882"]
[PlyCount "69"]
[EventDate "2025.07.13"]
[EventType "swiss"]
[EventRounds "9"]
[EventCountry "ESP"]
[SourceTitle "CB30_2025"]
[SourceDate "2025.07.23"]
[SourceVersion "1"]
[SourceVersionDate "2025.07.23"]
[SourceQuality "1"]

1. e4 c5 2. Nf3 d6 3. Nc3 Nc6 4. d4 cxd4 5. Nxd4 g6 6. Be3 Bg7 7. Qd2 Nf6 8. f3 0-0 9. 0-0-0 d5 10. Nxc6 bxc6 11. exd5 cxd5 12. Nxd5 Nxd5 13. Qxd5 Qc7 14. Qc5 Qb7 15. Qa3 Bf5 16. Bd3 Rab8 17. b3 Rfc8 18. Bxf5 gxf5 19. Qa5 Qc6 20. Rd2 Bc3 21. Qxf5 Bxd2+ 22. Bxd2 Rb5 23. Qg4+ Kh8 24. c4 Rg8 25. Qh4 Rb7 26. Qf2 Qf6 27. Kb1 Qg6+ 28. Ka1 Qxg2 29. Bc3+ f6 30. Qxg2 Rxg2 31. Kb1 Rd7 32. b4 Rd3 33. Rc1 Kg8 34. c5 Kf7 35. a4 1/2-1/2

[Event "Barcelona Sant Marti op-A 25th"]
[Site "Barcelona"]
[Date "2025.07.17"]
[Round "5"]
[White "Gao, Ruoya"]
[Black "Avyaay, Garg"]
[Result "1/2-1/2"]
[WhiteElo "1918"]
[BlackElo "1892"]
[PlyCount "52"]
[EventDate "2025.07.13"]
[EventType "swiss"]
[EventRounds "9"]
[EventCountry "ESP"]
[SourceTitle "CB30_2025"]
[SourceDate "2025.07.23"]
[SourceVersion "1"]
[SourceVersionDate "2025.07.23"]
[SourceQuality "1"]

1. e4 e5 2. Nf3 Nc6 3. Bb5 a6 4. Ba4 Nf6 5. 0-0 b5 6. Bb3 Be7 7. Re1 d6 8. c3 0-0 9. h3 Bd7 10. d4 h6 11. Nbd2 Re8 12. Nf1 Bf8 13. Bc2 g6 14. Ng3 Bg7 15. a4 exd4 16. Nxd4 Nxd4 17. cxd4 c5 18. Bf4 Bc6 19. dxc5 dxc5 20. Bd6 Nd7 21. Rb1 Bd4 22. Ne2 Qf6 23. Nxd4 cxd4 24. Bg3 bxa4 25. Qd2 Ne5 26. Rbd1 Rad8 1/2-1/2

[Event "Paracin op-A 18th"]
[Site "Paracin"]
[Date "2025.07.08"]
[Round "5"]
[White "Xue, Tianhao"]
[Black "Avyaay, Garg"]
[Result "1/2-1/2"]
[WhiteElo "1924"]
[BlackElo "1892"]
[PlyCount "96"]
[EventDate "2025.07.04"]
[EventType "swiss"]
[EventRounds "9"]
[EventCountry "SRB"]
[SourceTitle "CB29_2025"]
[SourceDate "2025.07.16"]
[SourceVersion "1"]
[SourceVersionDate "2025.07.16"]
[SourceQuality "1"]

1. e4 e5 2. Nf3 Nc6 3. Bc4 Bc5 4. c3 Nf6 5. d3 h6 6. 0-0 0-0 7. Nbd2 d6 8. b4 Bb6 9. a4 a6 10. h3 Be6 11. Bxe6 fxe6 12. Re1 Qe8 13. Nf1 Qg6 14. Ra2 d5 15. Qe2 Nd7 16. N1h2 Rf7 17. Kh1 Raf8 18. g3 d4 19. b5 Na7 20. c4 Ba5 21. Bd2 Bxd2 22. Rxd2 Qf6 23. Rb1 Nc5 24. Ra2 a5 25. Rf1 Nc8 26. Nd2 Qe7 27. Ndf3 Qd6 28. Kg2 Nb6 29. Qd1 c6 30. Nh4 Kh7 31. Ra1 Qd8 32. Ra2 Qg5 33. N4f3 Qf6 34. Ne1 Qe7 35. Qh5 Nbxa4 36. Qxe5 Nc3 37. Rc2 cxb5 38. cxb5 Nb3 39. Nef3 Qf6 40. Qxf6 Rxf6 41. Nxd4 Nxd4 42. Rxc3 Nxb5 43. Rc5 Nd4 44. Rxa5 Nf3 45. Ng4 R6f7 46. Ra2 Nd4 47. Rb1 Rf3 48. Rxb7 Rxd3 1/2-1/2

[Event "Budapest FS12 U2250"]
[Site "Budapest"]
[Date "2024.12.13"]
[Round "8"]
[White "Avyaay, Garg"]
[Black "Vegvari, Ferenc"]
[Result "1-0"]
[WhiteElo "1863"]
[BlackElo "1583"]
[PlyCount "59"]
[EventDate "2024.12.07"]
[EventType "swiss"]
[EventRounds "9"]
[EventCountry "HUN"]
[SourceTitle "CB14_2025"]
[SourceDate "2024.11.01"]
[SourceVersion "1"]
[SourceVersionDate "2024.11.01"]
[SourceQuality "1"]

1. e4 c5 2. Nc3 d6 3. f4 e6 4. Bb5+ Nd7 5. Nf3 a6 6. Bxd7+ Bxd7 7. 0-0 g6 8. d3 Bg7 9. Qe1 Qc7 10. a4 Ne7 11. Qh4 0-0 12. Qxe7 Rae8 13. Qh4 f5 14. Bd2 Qb6 15. Rab1 fxe4 16. dxe4 Bc6 17. Kh1 d5 18. a5 Qc7 19. Qh3 Bxc3 20. Bxc3 d4 21. Bd2 Bxe4 22. Rbc1 Bf5 23. Qg3 Re7 24. Ne5 Bxc2 25. Ng4 Be4 26. Bb4 b6 27. axb6 Qxb6 28. Bxc5 Qxb2 29. Bxe7 Rb8 30. Nf6+ 1-0

[Event "Budapest FS12 U2250"]
[Site "Budapest"]
[Date "2024.12.12"]
[Round "7"]
[White "Mayer, Istvan"]
[Black "Avyaay, Garg"]
[Result "1-0"]
[WhiteElo "1756"]
[BlackElo "1863"]
[PlyCount "55"]
[EventDate "2024.12.07"]
[EventType "swiss"]
[EventRounds "9"]
[EventCountry "HUN"]
[SourceTitle "CB14_2025"]
[SourceDate "2024.11.01"]
[SourceVersion "1"]
[SourceVersionDate "2024.11.01"]
[SourceQuality "1"]

1. e4 e5 2. Nf3 Nc6 3. Bb5 a6 4. Ba4 Nf6 5. 0-0 b5 6. Bb3 Be7 7. c3 d6 8. h3 Na5 9. Bc2 c5 10. d4 Qc7 11. a4 Bd7 12. b4 cxb4 13. cxb4 Nb7 14. Bb2 Rc8 15. Bd3 exd4 16. Bxd4 0-0 17. Nc3 bxa4 18. Bxa6 Ra8 19. Bd3 a3 20. Qc1 Nd8 21. Rxa3 Ne6 22. Be3 Qb7 23. Rxa8 Rxa8 24. Qb1 h6 25. Rc1 Rb8 26. b5 Nc7 27. Nd5 Nfe8 28. Nxe7+ 1-0

[Event "Budapest FS12 U2250"]
[Site "Budapest"]
[Date "2024.12.10"]
[Round "4"]
[White "Kahn, Evarth"]
[Black "Avyaay, Garg"]
[Result "1-0"]
[WhiteElo "1980"]
[BlackElo "1863"]
[PlyCount "95"]
[EventDate "2024.12.07"]
[EventType "swiss"]
[EventRounds "9"]
[EventCountry "HUN"]
[SourceTitle "CB14_2025"]
[SourceDate "2024.11.01"]
[SourceVersion "1"]
[SourceVersionDate "2024.11.01"]
[SourceQuality "1"]

1. d4 d5 2. c4 c6 3. Nf3 Nf6 4. Nc3 e6 5. g3 Nbd7 6. Bg2 Be7 7. 0-0 0-0 8. b3 Re8 9. Qc2 b6 10. e4 dxe4 11. Ng5 Bb7 12. Ngxe4 Nxe4 13. Nxe4 Nf6 14. Bf4 Nxe4 15. Qxe4 Bf6 16. Rad1 Qe7 17. c5 b5 18. Bd6 Qd7 19. f4 Be7 20. Bxe7 Rxe7 21. Rfe1 Rae8 22. b4 a6 23. Qe5 Kf8 24. Qh5 Kg8 25. Be4 g6 26. Qh6 Qd8 27. Kf2 Rd7 28. Ke3 Qf6 29. Rd3 Red8 30. Red1 Qg7 31. Qxg7+ Kxg7 32. Ra1 f5 33. Bf3 Kf6 34. a4 bxa4 35. Rxa4 g5 36. Rd2 g4 37. Be2 Ra8 38. Bc4 Bc8 39. Kd3 Rda7 40. Ra5 Bd7 41. Kc3 h5 42. Rda2 Bc8 43. Bf1 Bb7 44. Bg2 Ke7 45. b5 cxb5 46. Bxb7 Rxb7 47. Rxa6 b4+ 48. Kb3 1-0

[Event "Budapest FS12 U2250"]
[Site "Budapest"]
[Date "2024.12.08"]
[Round "2"]
[White "Lu, Lillian"]
[Black "Avyaay, Garg"]
[Result "1/2-1/2"]
[WhiteElo "1887"]
[BlackElo "1863"]
[PlyCount "68"]
[EventDate "2024.12.07"]
[EventType "swiss"]
[EventRounds "9"]
[EventCountry "HUN"]
[SourceTitle "CB14_2025"]
[SourceDate "2024.11.01"]
[SourceVersion "1"]
[SourceVersionDate "2024.11.01"]
[SourceQuality "1"]

1. e4 e5 2. Nf3 Nc6 3. Bb5 a6 4. Ba4 Nf6 5. 0-0 b5 6. Bb3 Be7 7. d4 d6 8. c3 Bg4 9. Be3 exd4 10. cxd4 Na5 11. Bc2 Nc4 12. Bc1 0-0 13. b3 Nb6 14. Bb2 d5 15. e5 Ne4 16. Nbd2 Nxd2 17. Qxd2 Bxf3 18. gxf3 f5 19. exf6 Rxf6 20. Qd3 g6 21. Bc1 Qf8 22. Bg5 Rxf3 23. Bxe7 Rxd3 24. Bxf8 Rc3 25. Bh6 Rxc2 26. Rfc1 Rxc1+ 27. Rxc1 Rc8 28. Bf4 c6 29. Re1 Kf7 30. Bd6 Re8 31. Rc1 Rc8 32. Re1 Re8 33. Rc1 Rc8 34. Re1 Re8 1/2-1/2

[Event "Budapest FS12 U2250"]
[Site "Budapest"]
[Date "2024.12.07"]
[Round "1"]
[White "Avyaay, Garg"]
[Black "Poor, Sandor"]
[Result "1/2-1/2"]
[WhiteElo "1863"]
[BlackElo "2013"]
[PlyCount "77"]
[EventDate "2024.12.07"]
[EventType "swiss"]
[EventRounds "9"]
[EventCountry "HUN"]
[SourceTitle "CB14_2025"]
[SourceDate "2024.11.01"]
[SourceVersion "1"]
[SourceVersionDate "2024.11.01"]
[SourceQuality "1"]

1. e4 c6 2. d4 d5 3. Nc3 dxe4 4. Nxe4 Bf5 5. Ng3 Bg6 6. h4 h6 7. Nf3 Nd7 8. h5 Bh7 9. Bd3 Bxd3 10. Qxd3 e6 11. Bf4 Qa5+ 12. Bd2 Qc7 13. c4 Ngf6 14. 0-0-0 Be7 15. Kb1 Rd8 16. Ne4 Nxe4 17. Qxe4 Nf6 18. Qe2 0-0 19. g4 c5 20. g5 hxg5 21. Bxg5 cxd4 22. h6 g6 23. Nxd4 Kh7 24. Nb5 Qc5 25. Be3 Qf5+ 26. Ka1 a6 27. Nd4 Qe4 28. f3 Qe5 29. f4 Qe4 30. Rhe1 Nh5 31. Qh2 Bf6 32. Bc1 Rxd4 33. Rxe4 Rxd1 34. Kb1 Rfd8 35. Kc2 Rf1 36. Bd2 Bd4 37. Re2 Rd7 38. Qh3 Rg1 39. Rg2 1/2-1/2

[Event "Wch U08"]
[Site "Batumi"]
[Date "2022.09.20"]
[Round "5"]
[White "Avyaay, Garg"]
[Black "Benito Arotoma, Antonio Leonel"]
[Result "0-1"]
[WhiteElo "1275"]
[BlackElo "1044"]
[PlyCount "33"]
[EventDate "2022.09.16"]
[EventType "swiss"]
[EventRounds "11"]
[EventCountry "GEO"]
[SourceTitle "EXT 2023"]
[Source "ChessBase"]
[SourceDate "2022.10.05"]
[SourceVersion "1"]
[SourceVersionDate "2022.10.05"]
[SourceQuality "1"]

1. e4 e5 2. Nf3 Nc6 3. Bc4 d6 4. d4 exd4 5. 0-0 h6 6. Nxd4 Nxd4 7. Qxd4 Nf6 8. Bd2 Be7 9. f4 Bd7 10. Nc3 b6 11. a4 d5 12. Bd3 dxe4 13. Nxe4 0-0 14. Qc3 Bc5+ 15. Kh1 Bc6 16. Rfe1 Nxe4 17. Bxe4 0-1